000 00629nam a2200217 4500
001 145503
003 ES-MaACL
005 20230906201239.0
007 t|
008 070214s1959 sp r ||||1| spa d
100 1 _aStevens, Austin.
_9108153
245 1 0 _aTiempo y dinero /
_cAustin Stevens ; traducción de Ximénez de Sandoval.
260 _aMadrid :
_bCid,
_c[1959] (
_fAlhambra)
300 _a389 p. ;
_c19 cm.
490 1 _aAltor ;
_v23
500 _aTraducción de: Time and money.
740 0 _aTime and money.
830 0 _aAltor ;
_v23
_9181236
852 _aES-MaACL
_jC-18023
_bR.45796
999 _c145503
_d145503